[Event "Saint Louis Blitz 2017"]
[Site "Saint Louis"]
[Date "2017.08.17"]
[Round "4"]
[White "Le, Quang Liem"]
[Black "Anand, Viswanathan"]
[Result "1/2-1/2"]
[WhiteElo "2739"]
[BlackElo "2783"]
[Annotator "TA"]
[PlyCount "114"]
[EventDate "2017.??.??"]
[EventType "tourn"]
[EventCountry "USA"]
[SourceTitle "playchess.com"]
[Source "ChessBase"]
[SourceQuality "1"]

{[%evp 17,114,-9,-8,-9,0,-16,-1,-16,-2,-16,0,-34,0,-25,-31,-30,0,0,0,0,13,28,53,50,57,0,0,0,0,0,0,0,0,0,0,0,0,0,-2,-3,-3,-9,-6,-4,-6,-13,0,0,0,0,0,0,0,0,0,-37,0,-14,0,0,0,0,0,0,0,0,0,0,0,0,0,0,0,0,0,0,8,8,8,8,8,8,8,8,8,2,97,8,8,8,14,0,0,0,0,0,0,0,0]} 1. d4 Nf6 2. Bf4 d5 3. e3 e6 4. Nd2 Bd6 5. Bg3 b6 6. Ngf3 O-O 7. c3 {D02: 1 d4 d5 2 Nf3 sidelines, including 2...Nf6 3 g3 and 2...Nf6 3 Bf4} Bb7 8. Bd3 Ne4 9. Qc2 f5 {LiveBook: 5 Games} 10. Bxd6 (10. O-O Nd7 11. c4 Nxg3 12. hxg3 g6 13. Rac1 c5 14. cxd5 exd5 15. dxc5 bxc5 {1-0 (63) Artemiev,V (2653)-Grandelius,N (2643) Doha 2016}) 10... cxd6 11. O-O Nd7 12. c4 $146 ({Find the theoretical novelty and annotate with similar games:} 12. a4 a6 13. Ne1 e5 14. f3 Qg5 {1-0 (32) Zhukova,N (2440)-Geldyeva,M (2220) Doha 2016}) 12... Ndf6 13. cxd5 Bxd5 (13... Rc8 $5 {[%cal Rc8c2]} 14. Qa4 Bxd5 $11) 14. Rac1 Qe8 15. Bc4 Rc8 {[#] Threatens to win with ...b5.} 16. Qd3 Qc6 (16... Bxc4 {is more complex.} 17. Rxc4 Qb5 18. Qb3 Qxb3 19. axb3 Nxd2 20. Nxd2 b5) 17. Bxd5 Qxd5 18. Qa6 Rxc1 19. Rxc1 Nxd2 20. Nxd2 f4 21. h3 ({Better is} 21. Qxa7 $14 fxe3 22. fxe3) 21... fxe3 $11 22. fxe3 Qg5 $36 {[%mdl 2048] Black has the initiative.} 23. Qe2 Nd5 24. Ne4 Qxe3+ 25. Qxe3 Nxe3 26. Nxd6 {[%mdl 4096] Endgame KRN-KRN} Nd5 27. Nc8 Rf4 28. Re1 Kf7 29. Rf1 Rxf1+ 30. Kxf1 {KN-KN} a6 31. Ke2 Ke8 32. Nd6+ Ke7 33. Nc4 $1 b5 34. Ne5 Kd6 35. Nd3 a5 36. Nc5 a4 37. Kf3 Nf6 38. Ke3 Kd5 39. Nd3 Kc4 40. Ne5+ Kd5 41. Nd3 g5 42. b3 Kd6 43. bxa4 bxa4 44. Nc5 a3 45. Kd3 Kd5 46. Na4 Nh5 {White must now prevent ...Nf4+.} 47. Nc3+ Kc6 48. Ke4 Nf4 49. h4 h6 50. hxg5 hxg5 51. g4 {Hoping for Ke5.} Nh3 {[#]} (51... Kd7 $1 $11 {keeps the balance.}) 52. Nb1 (52. Ke5 $1 $16) 52... Nf2+ {The position is equal.} 53. Kf3 Nd1 54. Nxa3 Nc3 55. Nc2 Nxa2 56. Ke4 Kd6 57. Ne3 Nc3+ {Precision: White = 57%, Black = 65%.} 1/2-1/2

[Event "Saint Louis Blitz 2017"]
[Site "Saint Louis"]
[Date "2017.08.17"]
[Round "5"]
[White "Kasparov, Garry"]
[Black "Le, Quang Liem"]
[Result "0-1"]
[WhiteElo "2812"]
[BlackElo "2739"]
[Annotator "TA"]
[PlyCount "62"]
[EventDate "2017.??.??"]
[EventType "tourn"]
[EventCountry "USA"]
[SourceTitle "playchess.com"]
[Source "ChessBase"]
[SourceQuality "1"]

{[%evp 22,62,13,0,14,8,0,3,0,0,0,-20,-10,-11,-11,-11,-12,-27,-11,-16,-23,-51,-57,-56,-48,-68,-68,-90,-88,-85,-93,-89,-62,-67,-58,-204,-200,-280,-260,-497,-494,-489,-466]} 1. e4 e5 2. Nf3 Nc6 3. d4 exd4 4. Nxd4 Bc5 5. Be3 Qf6 6. c3 Nge7 7. g3 d5 8. Bg2 dxe4 9. O-O {C45: Scotch Game} O-O 10. Nd2 Bb6 (10... Bxd4 11. Nxe4 Qg6 12. cxd4 Be6 13. Nc3 Rad8 14. Rc1 Bg4 15. Qb3 b6 16. Rfe1 Na5 17. Qa3 Rd7 18. Bf4 Be6 19. d5 Nxd5 20. Nxd5 Bxd5 21. Bxd5 Rxd5 22. Rxc7 {½-½ (69) Van Foreest,J (2615)-Fressinet,L (2676) Douglas 2016}) 11. Nxe4 Qg6 12. Re1 {LiveBook: 4 Games} Rd8 13. Nxc6 Nxc6 14. Qa4 Be6 {[#]} 15. h4 $146 ({Predecessor:} 15. Nc5 Bxc5 16. Bxc5 Qh5 {½-½ (28) Nedev,T (2506)-Mitkov,N (2520) Struga 2010}) 15... h6 16. Qb5 a6 17. Qa4 Ne5 18. Bxb6 cxb6 19. Nc5 bxc5 20. Rxe5 Rd2 $36 {[%mdl 2048] Black is pushing.} 21. Qf4 Rxb2 22. Rxc5 Rd8 23. Re1 Qf6 24. Qxf6 gxf6 25. a4 Rdd2 26. Rf1 b5 27. axb5 axb5 28. Rc6 (28. Be4 $1 $15) 28... Kg7 $19 {...Bc4 is the strong threat.} 29. Rc7 {[#]} Bc4 $1 {[%cal Rc4f1]} 30. Re1 $2 (30. Rc1) 30... Rxf2 31. Bc6 Rfc2 {Precision: White = 48%, Black = 88%.} 0-1

[Event "Saint Louis Blitz 2017"]
[Site "Saint Louis"]
[Date "2017.08.17"]
[Round "5"]
[White "Anand, Viswanathan"]
[Black "Aronian, Levon"]
[Result "0-1"]
[WhiteElo "2783"]
[BlackElo "2799"]
[Annotator "TA"]
[PlyCount "82"]
[EventDate "2017.??.??"]
[EventType "tourn"]
[EventCountry "USA"]
[SourceTitle "playchess.com"]
[Source "ChessBase"]
[SourceQuality "1"]

{[%evp 21,82,12,27,16,20,19,26,31,31,25,27,19,19,23,33,24,20,23,64,57,60,49,54,43,50,24,88,78,103,92,170,155,152,150,144,165,126,110,135,60,101,8,9,4,9,-231,-236,-233,-229,-230,-247,-338,-331,-335,-326,-391,-380,-391,-377,-433,-431,-429,-428]} 1. e4 e5 2. Nf3 Nc6 3. Bb5 a6 4. Ba4 Nf6 5. O-O Be7 6. d3 b5 7. Bb3 d6 8. c3 O-O 9. Re1 Na5 10. Bc2 c5 11. Nbd2 Be6 {LiveBook: 10 Games. C90: Closed Ruy Lopez with 7...d6: Early deviations} (11... Nc6 12. Nf1 h6 13. Ne3 Be6 14. d4 cxd4 15. cxd4 Nxd4 16. Nxd4 exd4 17. Qxd4 Rc8 18. Bb3 Nd7 19. Nd5 Bxd5 20. Qxd5 Nc5 {½-½ (54) Carlsen,M (2850)-Svidler,P (2727) Berlin 2015}) 12. d4 exd4 13. cxd4 Bg4 {The position is equal.} 14. h3 Bh5 15. g4 Bg6 16. d5 $146 ({Predecessor:} 16. Nf1 Qc7 17. Bf4 cxd4 18. Nxd4 Nc6 19. Rc1 Nxd4 20. Qxd4 {1-0 (64) Gandev,P (2140)-Tsenov,F (1762) Sofia 2012}) 16... Nd7 17. b3 Bf6 18. Rb1 Bc3 19. Re3 b4 20. Nf1 c4 21. Bd2 Bxd2 22. Qxd2 Qb6 23. Nd4 Rfe8 (23... c3 $11 {keeps the balance.} 24. Qd1 Nb7) 24. Ng3 $16 Rac8 25. h4 c3 (25... h6 $16) 26. Qd1 $18 f6 27. a3 bxa3 28. Ra1 Qb4 29. Nde2 Ne5 {[%cal Bd7e5,Be5c4,Bc4e3][%mdl 32] [#]} 30. f3 (30. h5 $1 $16) 30... Rb8 31. Qd4 (31. h5 $16) 31... Nxb3 $11 32. Qxb4 Rxb4 33. Rxa3 $2 (33. Bxb3 $1 $11 Rxb3 34. Nc1) 33... Nc4 $1 $19 {[%csl LRa3,LRe3]} 34. Rxb3 Rxb3 35. Bxb3 Nxe3 36. Nxc3 Rb8 37. Ba4 Be8 38. Bxe8 Rxe8 39. Kf2 Nc4 40. Nf5 g6 41. Nd4 Rb8 {Precision: White = 55%, Black = 59%.} 0-1

[Event "Saint Louis Blitz 2017"]
[Site "Saint Louis"]
[Date "2017.08.17"]
[Round "5"]
[White "Karjakin, Sergey"]
[Black "Nepomniachtchi, Ian"]
[Result "1-0"]
[WhiteElo "2773"]
[BlackElo "2751"]
[Annotator "TA"]
[PlyCount "121"]
[EventDate "2017.??.??"]
[EventType "tourn"]
[EventCountry "USA"]
[SourceTitle "playchess.com"]
[Source "ChessBase"]
[SourceQuality "1"]

{[%evp 9,121,64,145,111,163,52,145,128,137,44,115,115,117,79,161,157,202,151,157,147,140,129,218,213,222,187,200,210,208,194,251,250,309,266,277,277,322,287,267,326,300,232,224,226,217,215,212,103,108,104,148,151,184,148,260,252,239,202,362,362,316,335,313,286,1570,1564,11434,11975,4499,2220,1339,1196,1255,1149,1144,1095,1076,1000,29954,29957,29958,29961,29961,29960,29962,29963,29965,29964,29967,29968,29970,29971,29970,29970,29969,29971,29972,29973,29972,29971,29973,29974,29973,29974,29965,29969,29982,6605,29983,29984,29984,29985,29984,29985]} 1. Nf3 g6 2. e4 Nf6 3. e5 Nh5 4. d4 d6 5. Bc4 (5. Be2 Nc6 6. O-O Bg7 7. exd6 exd6 8. Bg5 Nf6 9. Nc3 h6 10. Be3 O-O 11. h3 Ne7 12. Qd2 {1-0 (58) So,W (2812)-Nepomniachtchi,I (2732) Leuven 2017}) 5... Bg7 ({Black should play} 5... dxe5 $14 6. Nxe5 e6) 6. Ng5 $146 {B06: Modern Defence} ({Predecessor:} 6. Qe2 Nc6 7. h3 dxe5 8. dxe5 Nd4 9. Qd3 Nxf3+ 10. Qxf3 f5 11. exf6 Nxf6 12. O-O {1-0 (84) Sabbatini,G (2086)-Migliorini,R (1980) SEMI email 2002}) 6... d5 (6... O-O $16) 7. Be2 (7. Qf3 $18 dxc4 8. Qxf7+ Kd7 9. g4 (9. Qxc4 Qg8 $16)) 7... h6 ({Black should try} 7... f6 $1 $14) 8. Nf3 {White is clearly better.} c5 9. O-O (9. h3 $16) 9... Nc6 ({Better is} 9... cxd4 $14 10. c3 (10. Nxd4 Bxe5 11. Bxh5 gxh5 $11) (10. Qxd4 Nc6 $11) 10... d3 11. Qxd3 Nc6) 10. c3 O-O 11. h3 $36 {[%mdl 2048] Keeping Black busy.} f6 (11... cxd4 $16 {is a better defense.} 12. cxd4 f6) 12. Nh4 $18 Qe8 {[#]} 13. Nxg6 $1 {[%mdl 512]} Qxg6 14. Bxh5 Qh7 15. exf6 Rxf6 (15... Bxf6 $16 16. dxc5 Bf5) 16. dxc5 Be6 17. Nd2 Kh8 18. Nf3 Rg8 19. Bg4 Bf7 (19... Bxg4 $142 20. hxg4 Bf8) 20. Re1 Rd8 21. Ne5 Nxe5 22. Rxe5 h5 23. Bxh5 Rxf2 24. Rg5 (24. Kxf2 Bxe5 25. Bxf7 Qxf7+ 26. Kg1 (26. Qf3 Rf8 $18) 26... Bg3 $18) 24... Rf8 {and the idea ...Bxh5 leaves Black hopeful.} 25. Be3 Bxh5 26. Qxh5 Rxb2 27. Qg4 Qe4 {[#]} 28. Qxe4 ({Don't take} 28. Rxg7 $6 Qxe3+ 29. Kh1 Rxa2 $14) (28. Qg3 $1 $18 {and White stays clearly on top.} Rf7 29. Rd1 (29. Rh5+ Kg8 $18)) 28... dxe4 $16 29. Bd4 Bxd4+ 30. cxd4 {[%cal Bc3d4,Bd4d5][%mdl 4128] Endgame KRR-KRR} Rd2 31. d5 e3 {[#]} (31... Rg8 $16 32. Rxg8+ Kxg8) 32. Re1 $1 $18 e2 {aiming for ...Rd1.} 33. Re5 Rd1 $2 (33... Rd8 {was called for.} 34. c6 (34. Rxe7 R8xd5 35. R7xe2 Rxe2 $18) (34. R5xe2 Rxe2 35. Rxe2 Rxd5 $18) 34... bxc6 35. dxc6 Rc8 36. R5xe2 (36. R1xe2 Rxe2 37. Rxe2 Rxc6 $18) 36... Rxe2 37. Rxe2 Rxc6 38. Rxe7 Ra6) 34. R5xe2 Rxd5 35. Rxe7 Rxc5 36. Rxb7 Rc2 $2 (36... Ra8 37. Ree7 a6 38. Rh7+ Kg8 39. Rbg7+ Kf8) 37. Ree7 {Threatening mate with Rh7+.} Rd8 38. Rxa7 Rc1+ 39. Kh2 Rc2 40. Rh7+ Kg8 41. Rag7+ Kf8 42. Rh8+ Kxg7 43. Rxd8 Rxa2 {KR-KR} 44. h4 {[%cal Bh3h4,Bh4h5][%mdl 32]} Kg6 45. Rd5 Ra3 46. g3 Rc3 47. Kh3 Rc4 48. Ra5 Rb4 49. h5+ Kf6 50. g4 Rb1 51. Rf5+ Kg7 52. Kh4 Kh6 53. Rf6+ Kg7 54. Ra6 Rb5 55. h6+ Kh7 56. g5 {[%cal Bg4g5,Bg5g6][%mdl 32]} Rb1 57. Ra7+ Kg6 58. Rg7+ Kf5 59. h7 {White mates.} Rh1+ 60. Kg3 Rh5 61. g6 {Precision: White = 74%, Black = 28%.} 1-0

[Event "Saint Louis Blitz 2017"]
[Site "Saint Louis"]
[Date "2017.08.17"]
[Round "5"]
[White "Dominguez Perez, Leinier"]
[Black "Nakamura, Hikaru"]
[Result "0-1"]
[WhiteElo "2739"]
[BlackElo "2792"]
[Annotator "TA"]
[PlyCount "124"]
[EventDate "2017.??.??"]
[EventType "tourn"]
[EventCountry "USA"]
[SourceTitle "playchess.com"]
[Source "ChessBase"]
[SourceQuality "1"]

{[%evp 20,124,7,0,8,8,9,0,8,-11,-7,-11,-3,-7,0,-26,-17,-18,1,0,0,10,33,25,34,31,43,39,43,53,287,6,18,10,70,72,82,64,79,72,96,91,72,39,53,33,53,-25,0,0,0,0,0,0,0,0,0,0,0,-16,0,0,0,0,0,0,0,0,0,0,0,0,0,-51,-55,-56,-51,-97,-42,-30,0,-231,-224,-214,0,-337,-229,-309,-282,-261,-254,-12833,0,0,0,0,0,0,0,0,0,-12840,-12840,-12841,-12840,-12845,-12845]} 1. e4 e5 2. Nf3 Nc6 3. Bb5 Nf6 4. O-O Nxe4 5. Re1 Nd6 6. Nxe5 Be7 7. Bd3 Nxe5 8. Rxe5 O-O 9. Nc3 Bf6 {C67: Ruy Lopez: Berlin Defence: 4 0-0 Nxe4} 10. Re1 c6 (10... b6 11. Nd5 Bb7 12. Qf3 Bxd5 13. Qxd5 Re8 14. Re3 h6 15. Bf1 Bg5 16. Rxe8+ Qxe8 17. d4 Bxc1 18. Rxc1 {½-½ (48) Dominguez Perez,L (2732)-Ponomariov,R (2712) Huaian 2016}) 11. b3 {LiveBook: 4 Games. Ba3 is the strong threat.} Ne8 {The position is equal.} 12. Ba3 d6 $1 13. Qf3 $146 ({Predecessor:} 13. Qh5 g6 14. Qf3 Bg7 15. Rad1 Qa5 16. Bb2 {½-½ (16) Skawinski,A (2300)-Borsos,B (2239) Krakow 2012}) 13... Be6 14. Rad1 Qa5 15. Qe4 {[%csl Gd3][%cal Re4h7]} g6 16. Bb4 Qc7 17. Qf3 a5 18. Ba3 Rd8 19. Ne4 Bg7 20. c4 h6 21. Bf1 Qd7 22. h3 b5 23. d4 b4 24. Bc1 $36 {[%mdl 2048] White is pushing.} f5 $2 {[#]} (24... Rc8 $14) 25. Ng3 $2 (25. Nc5 $1 $18 {[%cal Rc5d7][%mdl 512]} dxc5 26. dxc5) 25... Bf7 26. h4 Nf6 (26... h5 $1 $11) 27. h5 $14 d5 28. hxg6 Bxg6 29. Bf4 Qf7 30. Be5 Ne4 31. Bxg7 Kxg7 32. Qf4 Qf6 33. f3 (33. cxd5 $14 cxd5 34. Bd3) 33... Nxg3 34. Qxg3 f4 35. Qf2 Rfe8 36. cxd5 Rxe1 37. Rxe1 Rxd5 38. Bc4 Rxd4 39. Qe2 (39. Re7+ $5 Qxe7 40. Qxd4+ Qf6 41. Qd7+ Bf7 42. Qc7 $11) 39... Rd8 (39... Rd7 {is interesting.} 40. Qe5 Qxe5 41. Rxe5 Ra7 42. Kf2 Bc2) 40. Qe5 Qxe5 41. Rxe5 $11 {[%mdl 4096] Endgame KRB-KRB} Ra8 42. Re7+ Kf6 43. Re6+ Kg5 44. Rxc6 Bb1 45. Rc5+ Kf6 46. Rc6+ (46. Rd5 $11) 46... Ke5 $1 $15 47. Re6+ Kd4 48. Re1 $1 {[%cal Re1b1] [#]} Bc2 (48... Bh7 $1 $17) 49. Kf2 a4 {White must now prevent ...axb3.} 50. Re7 $2 (50. Rc1 $1 $11 Kc3 51. bxa4 Kxc4 52. Rxc2+ Kd3 53. Rb2) 50... axb3 51. axb3 Ra3 $2 ({Black should play} 51... Ra2 $19 {And now ...Bxb3+ would win.} 52. Ke1 Kc3) 52. Rb7 $2 {[%mdl 8192]} (52. g3 $1 $11 {and White has nothing to worry.}) 52... Kc3 53. g3 fxg3+ ({Don't play} 53... Bxb3 54. Bxb3 fxg3+ 55. Kxg3 $19) 54. Kxg3 Bxb3 55. Bxb3 $2 (55. Bb5) 55... Rxb3 $2 $19 {KR-KR} ({Better is} 55... Kxb3 $19 56. Rb6 h5) 56. f4 $11 Rb1 {Strongly threatening ...b3.} 57. f5 Rf1 58. Kg4 b3 59. Rc7+ Kb2 {Hoping for ...Ka2.} 60. Rc6 $2 {[%mdl 8192] [#]} (60. Rh7 $11) 60... h5+ $1 $19 {[%cal Bh6h5,Bh5h4,Bh4h3][%mdl 544] Black is clearly winning.} 61. Kg5 {[#]} (61. Kxh5 Rxf5+) 61... h4 $1 {[%cal Rh4h3][%mdl 512]} 62. f6 (62. Kxh4 Rxf5) 62... h3 {Precision: White = 49%, Black = 52%.} 0-1

[Event "Saint Louis Blitz 2017"]
[Site "Saint Louis"]
[Date "2017.08.17"]
[Round "5"]
[White "Navara, David"]
[Black "Caruana, Fabiano"]
[Result "0-1"]
[WhiteElo "2737"]
[BlackElo "2807"]
[Annotator "TA"]
[PlyCount "68"]
[EventDate "2017.??.??"]
[EventType "tourn"]
[EventCountry "USA"]
[SourceTitle "playchess.com"]
[Source "ChessBase"]
[SourceQuality "1"]

{[%evp 15,68,19,21,21,21,28,27,26,22,23,22,22,19,0,15,0,18,-14,-9,-44,-50,-62,-57,-85,-84,-75,-85,-147,-129,-147,-147,-115,-107,-112,-133,-399,-381,-795,-789,-785,-835,-828,-828,-828,-828,-824,-826,-741,-672,-1171,-1171,-1151,-1141,-1119,-1102]} 1. c4 e5 2. g3 Nf6 3. Bg2 c6 4. Nf3 e4 5. Nd4 Qb6 6. Nb3 {A20: English Opening: 1...e5} a5 {[%cal Ba7a5,Ba5a4][%mdl 32]} 7. d3 a4 8. N3d2 d5 {LiveBook: 3 Games} 9. cxd5 (9. dxe4 dxe4 10. e3 Bg4 11. Qc2 Nbd7 12. Nc3 Bb4 13. Ndxe4 Nxe4 14. Qxe4+ {0-1 (35) Topalov,V (2749)-Caruana,F (2808) Paris 2017}) 9... exd3 $1 10. O-O cxd5 11. exd3 Nc6 $146 ({Predecessor:} 11... Be6 12. Nc3 Qa5 13. Nf3 {½-½ (69) Lenderman,A (2593)-Karavade,E (2421) Douglas 2016}) 12. Nc3 Qa5 13. Re1+ Be7 14. Nf3 (14. b4 $5 Nxb4 15. Rxe7+ Kxe7 16. Ba3 $14) 14... O-O 15. Bd2 Qa6 16. Bg5 Be6 17. Ne5 Nxe5 18. Rxe5 {[%cal Rc3d5]} h6 19. Bf4 a3 $36 {[%mdl 2048] Black is on the roll.} 20. Rb1 Bd6 21. d4 (21. bxa3 $142 Rfc8 22. Nb5 Bxe5 23. Bxe5) 21... Rac8 $17 22. Bf1 Qc6 23. Nb5 {Threatens to win with Rxe6!} Bxe5 24. dxe5 Ne4 25. Na7 $2 {[%mdl 8192] [#]} (25. Nd4 $17 {was worth a try.} Qc7 26. f3) 25... Qc2 $1 $19 {[%cal Rc2f2]} 26. Nxc8 $2 (26. Be2 Rc4 27. bxa3) 26... Qxf2+ {Black is clearly winning.} ({Weaker is} 26... Rxc8 27. Qxc2 Rxc2 28. bxa3 $17) (26... Qxc8 27. Be3 $14) 27. Kh1 Rxc8 28. Qe2 Rc2 29. Qxf2 Nxf2+ 30. Kg1 axb2 {[#] Strongly threatening ...d4.} 31. Be3 Bf5 {...Nh3+ is the strong threat.} 32. Bd4 Nh3+ 33. Bxh3 Rc1+ ({Not} 33... Bxh3 34. Rxb2 Rc4 35. Rd2 $17) 34. Kf2 Bxb1 {Precision: White = 31%, Black = 91%.} 0-1

[Event "Saint Louis Blitz 2017"]
[Site "Saint Louis"]
[Date "2017.08.17"]
[Round "6"]
[White "Caruana, Fabiano"]
[Black "Karjakin, Sergey"]
[Result "0-1"]
[WhiteElo "2807"]
[BlackElo "2773"]
[Annotator "TA"]
[PlyCount "52"]
[EventDate "2017.??.??"]
[EventType "tourn"]
[EventCountry "USA"]
[SourceTitle "playchess.com"]
[Source "ChessBase"]
[SourceQuality "1"]

{[%evp 12,52,0,0,39,33,25,4,25,20,79,68,104,-27,-7,-94,-88,-92,115,-98,-84,-112,0,-175,-179,-356,-349,-465,-294,-331,-311,-301,-278,-261,-268,-256,-278,-364,-360,-1237,-1208,-5094,-2368]} 1. d4 Nf6 2. Bf4 d5 3. e3 Bf5 4. Nf3 e6 5. c4 Bxb1 6. Qxb1 {D02: 1 d4 d5 2 Nf3 sidelines, including 2...Nf6 3 g3 and 2...Nf6 3 Bf4} Bb4+ 7. Kd1 $1 {LiveBook: 5 Games} O-O (7... Bd6 8. Bg5 h6 9. Bxf6 Qxf6 10. c5 Bf8 11. Qc2 c6 12. b4 a6 13. Bd3 Nd7 {½-½ (40) So,W (2822)-Wojtaszek,R (2745) Shamkir 2017}) 8. c5 {Black must now prevent a3.White is slightly better.} c6 9. Bd3 Nbd7 10. Ke2 $146 ({Predecessor:} 10. Qc2 Re8 11. Qb3 Qa5 12. a3 Ne4 13. Qxb4 Qxb4 14. axb4 Nxf2+ {1-0 (25) Kovacevic,S (2325)-Fortuny Profitos,J (1715) Balaguer 2011}) 10... Ba5 (10... Re8 $1 $11) 11. g4 $16 g6 12. Qg1 (12. h4 $1 $16) 12... b6 $11 13. h4 (13. cxb6 $1 $11 {keeps the balance.} Qxb6 14. Rb1) 13... bxc5 $17 14. h5 Bc7 $2 {[#]} (14... cxd4 $1 $17 {and life is bright.} 15. exd4 Bc7) 15. Bg5 $2 (15. g5 $1 $16 {[%cal Rg5f6] is forced if you want to stay better.} Nxh5 16. Bxc7 Qxc7 17. Qg4) 15... cxd4 16. Nxd4 Ne5 ({Black should play} 16... c5 $17 17. Nc6 Qe8) 17. hxg6 $2 (17. Qh2 $11 {and White has nothing to worry.} Rb8 18. b3) 17... fxg6 $19 18. Nxe6 $2 (18. Bc2 Qc8 19. f4 Qa6+ 20. Kd1 Nfxg4 21. Nxe6) 18... Qb8 19. Qb1 Rf7 20. Bf4 Nfxg4 21. f3 Nxd3 22. Bxc7 Qe8 {...Ndf2 is the strong threat.} ({Don't do} 22... Rxc7 23. Nxc7 Nde5 24. fxg4 $17) 23. Qxd3 Qxe6 24. Bg3 Re8 {[%cal Rg4e3]} 25. Bf2 $2 {[#]} (25. fxg4 Qxg4+ 26. Kd2 Qxg3 27. Raf1) 25... Rxf3 $1 {[%mdl 512]} 26. Raf1 (26. Kxf3 Ne5+) 26... Ref8 {Precision: White = 36%, Black = 40%.} (26... Nxf2 $142 27. Rxf2 Rxe3+ 28. Qxe3 Qxe3+ 29. Kf1 Re5 30. Kg2 Qe4+ 31. Rf3 Rg5+ 32. Kf2 Qc2+ 33. Ke3 {[#]} d4+ $1 {[%mdl 512]} 34. Kxd4 Rd5+ 35. Ke3 Qd2+ 36. Ke4 Qd4#) 0-1

[Event "Saint Louis Blitz 2017"]
[Site "Saint Louis"]
[Date "2017.08.17"]
[Round "6"]
[White "Aronian, Levon"]
[Black "Nepomniachtchi, Ian"]
[Result "1-0"]
[WhiteElo "2799"]
[BlackElo "2751"]
[Annotator "TA"]
[PlyCount "115"]
[EventDate "2017.??.??"]
[EventType "tourn"]
[EventCountry "USA"]
[SourceTitle "playchess.com"]
[Source "ChessBase"]
[SourceQuality "1"]

{[%evp 9,115,0,0,-2,7,0,44,6,37,28,24,27,76,74,104,106,105,95,177,176,172,176,179,177,177,173,179,172,184,175,177,186,212,170,162,175,186,145,187,204,207,171,210,148,139,135,147,127,131,120,151,137,171,160,154,163,231,126,134,133,140,143,141,133,175,139,222,222,215,215,215,209,195,155,584,584,812,810,803,759,759,747,2026,1737,5306,3610,29960,11762,29958,29964,29973,29973,29975,29974,29974,29975,29975,29976,29976,29977,29977,29978,29979,29980,29980,29981,29981,29982]} 1. d4 Nf6 2. Bf4 c5 3. dxc5 Na6 4. Qd4 Qa5+ 5. c3 (5. Nc3 Nxc5 6. Bd2 Ne6 7. Qh4 g5 8. Qg3 d5 9. e4 d4 10. Bb5+ Bd7 11. Bxd7+ Nxd7 {½-½ (60) Rapport,R (2691)-Giri,A (2734) Wijk aan Zee 2014}) 5... Qxc5 6. e3 {A45: Trompowsky Attack} e6 7. Nd2 b6 8. Nb3 $146 {White is slightly better.} ({Predecessor:} 8. Nc4 d5 9. Ne5 Nb8 10. Qa4+ Nfd7 11. Nd3 {0-1 (59) Ernst,R-Bartels,F Germany 1988}) 8... Qc6 9. Nf3 {[%cal Bg1f3,Bf3e5,Be5c4,Bc4d6][%mdl 32]} Nc5 10. Ne5 Qb7 11. Nc4 $1 $36 {[%mdl 2048] White is in control.} d5 {Strongly threatening ...Nxb3.} 12. Nd6+ Bxd6 13. Bxd6 Nce4 (13... Qc6 $16 14. Bxc5 bxc5 15. Qxc5 (15. Nxc5 O-O $14) 15... Qxc5 16. Nxc5 Ke7) 14. Ba3 $1 $18 Qc7 15. f3 e5 16. Qa4+ ({But not} 16. Qb4 $6 a5 $14) 16... Bd7 17. Qb4 {[%csl Ga3][%cal Rb4e7]} Nc5 18. Nxc5 bxc5 19. Qxc5 Qxc5 20. Bxc5 Bc6 21. O-O-O Nd7 22. Ba3 Nb6 23. e4 {Black must now prevent exd5.} dxe4 24. Rd6 Bd7 25. fxe4 O-O 26. Rxd7 Nxd7 27. Bxf8 Kxf8 {[%mdl 4096] Endgame KRB-KRN} 28. Bd3 Ke7 29. Kc2 a5 30. b3 Nc5 31. Rd1 Rb8 32. Bc4 Nxe4 (32... Rc8 $142 33. Bd5 g6) 33. Re1 ({White has to play} 33. Rd5 $18 Kf6 34. Rxa5) 33... f5 $16 {[#]} 34. Bd3 $1 Rf8 35. Bxe4 fxe4 36. Rxe4 {KR-KR} Rf2+ 37. Kd3 Rxa2 (37... Ke6 $16) 38. Rxe5+ $18 Kd6 {[#]} 39. Re2 $1 {[%cal Re2a2]} Ra1 40. Kc4 g5 41. Rd2+ Ke6 $2 (41... Kc7 $16 42. Rf2 h6 43. Rf7+ Kd8 44. Rf8+ Kc7 45. Rf7+ Kc8) 42. Kb5 Rb1 43. b4 axb4 44. cxb4 {[%cal Bc3b4,Bb4b5,Bb5b6,Bb6b7][%mdl 32]} h5 45. Kc5 g4 46. g3 Kf5 47. Re2 Kg5 48. b5 h4 49. gxh4+ {White mates.} Kxh4 50. b6 Kh3 51. Kc6 Rc1+ 52. Kd7 Rd1+ 53. Kc7 Rc1+ 54. Kb8 Rh1 55. b7 Ra1 56. Rb2 Rf1 57. Ka7 Rf7 58. Ka8 {Precision: White = 72%, Black = 33%.} 1-0